Countries by Points of Interest - Statistics

General Stats
  • This quiz has been taken 267 times
  • The average score is 18 of 30
Answer Stats
Point of Interest Country % Correct
Empire State Building United States
98%
Arc de Triomphe France
97%
Mount Fuji Japan
95%
Machu Picchu Peru
91%
Stonehenge United Kingdom
89%
Taipei 101 Tower Taiwan
88%
Neuschwanstein Castle Germany
87%
Saint Basil's Cathedral Russia
83%
Hagia Sophia Turkey
82%
Little Mermaid Statue Denmark
79%
Riga Zoo Latvia
78%
ABBA: The Museum Sweden
78%
Angkor Wat Cambodia
76%
Hallgrímskirkja Iceland
74%
Temple of Hephaestus Greece
65%
Ipanema Beach Brazil
63%
Western Wall Israel
62%
Gyeongbokgung South Korea
56%
Iguazu Falls Argentina
53%
Persepolis Iran
51%
Robben Island South Africa
48%
Temple of Heaven China
46%
Shwedagon Pagoda Burma
32%
Lake Taupo New Zealand
28%
Harmandir Sahib India
27%
Cabinda Exclave Angola
23%
Mauritshuis Netherlands
18%
Citadelle Laferrière Haiti
15%
Monserrate Colombia
10%
Red Castle Museum Libya
6%
No matching quizzes found
Score Distribution
Percent of People with Each Score
Percentile by Number Answered
Your Score History
You have not taken this quiz